| 000 | 00631nam a22001937a 4500 | ||
|---|---|---|---|
| 999 |
_c170875 _d170875 |
||
| 005 | 20191227161508.0 | ||
| 010 | _aB-123709 | ||
| 020 |
_a8188413186 _c200.00 |
||
| 035 | _aB-123709 | ||
| 037 | _bBPPD/Pub. | ||
| 082 | _a841.08 | ||
| 100 | _aنجمہ رحمانی | ||
| 245 |
_aجدید غزل کی علامتں / _cنجمہ رحمانی |
||
| 246 |
_aJadeed Ghazal ki Alamaten (Urdu) / _bby Najma Rehmani |
||
| 260 |
_aNew Delhi _bM.R. Publications _c2005 ء |
||
| 270 |
_a2652/55, Ist Floor, Kucha Chelan, Darya Ganj _bNew Delhi _e110002 |
||
| 300 |
_a198p. _c21cm(Hb) |
||
| 942 |
_2ddc _cUR _h841.08 _mر ح م |
||